Schaum's outline of theory and problems of matrices (Record no. 3432)

MARC details
000 -LEADER
fixed length control field 00574nam a2200193Ia 4500
003 - CONTROL NUMBER IDENTIFIER
control field IN-BaIIA
008 - FIXED-LENGTH DATA ELEMENTS--GENERAL INFORMATION
fixed length control field 211028s9999 xx 000 0 eng d
040 ## - CATALOGING SOURCE
Transcribing agency IIA Library
080 ## - UNIVERSAL DECIMAL CLASSIFICATION NUMBER
Universal Decimal Classification number 512.643
Item number AYR
100 ## - MAIN ENTRY--PERSONAL NAME
Personal name Ayres, Frank
9 (RLIN) 6074
245 #0 - TITLE STATEMENT
Title Schaum's outline of theory and problems of matrices
Statement of responsibility, etc. Frank Ayres
260 ## - PUBLICATION, DISTRIBUTION, ETC.
Place of publication, distribution, etc. New York
Name of publisher, distributor, etc. McGraw-Hill
Date of publication, distribution, etc. 1962
300 ## - PHYSICAL DESCRIPTION
Extent 219p.
490 ## - SERIES STATEMENT
Series statement Schaum's outline series
650 ## - SUBJECT ADDED ENTRY--TOPICAL TERM
Topical term or geographic name entry element Matrices
9 (RLIN) 2806
650 ## - SUBJECT ADDED ENTRY--TOPICAL TERM
Topical term or geographic name entry element Matrix analysis
9 (RLIN) 4294
650 ## - SUBJECT ADDED ENTRY--TOPICAL TERM
Topical term or geographic name entry element NASA thesaurus
942 ## - ADDED ENTRY ELEMENTS (KOHA)
Koha item type Books
Holdings
Withdrawn status Lost status Damaged status Not for loan Home library Current library Shelving location Date acquired Cost, normal purchase price Total Checkouts Full call number Barcode Date last seen Cost, replacement price Price effective from Koha item type Purchase Price
        IIA Library-Bangalore IIA Library-Bangalore General Stacks 16/04/1970 25.20   512.643/ AYR 3823 05/11/2021 25.20 16/04/1970 Books Rs. 25.20

Powered by Koha